Decision Indian Institute of Management Calcutta (Record no. 9647)

MARC details
000 -LEADER
fixed length control field 00362nam a22001217a 4500
003 - CONTROL NUMBER IDENTIFIER
control field OSt
008 - FIXED-LENGTH DATA ELEMENTS--GENERAL INFORMATION
fixed length control field 201210b ||||| |||| 00| 0 eng d
245 ## - TITLE STATEMENT
Title Decision Indian Institute of Management Calcutta
250 ## - EDITION STATEMENT
Edition statement 2017(Mar Vol.44 No.1, Jun Vol.44 No.2, Sep Vol.44 No.3, Dec Vol.44 No.4)
260 ## - PUBLICATION, DISTRIBUTION, ETC. (IMPRINT)
Place of publication, distribution, etc Calcutta
Name of publisher, distributor, etc Springer
650 ## - SUBJECT ADDED ENTRY--TOPICAL TERM
Topical term or geographic name as entry element Management
942 ## - ADDED ENTRY ELEMENTS (KOHA)
Source of classification or shelving scheme Dewey Decimal Classification
Koha item type BOUND VOLUME
Holdings
Withdrawn status Lost status Source of classification or shelving scheme Materials specified (bound volume or other part) Damaged status Not for loan Collection code Home library Current library Date acquired Source of acquisition Serial Enumeration / chronologySerial Enumeration / Volume No. Total Checkouts Acc. no. / Barcode Date last seen Bill Date Koha item type
    Dewey Decimal Classification Bound Volume   Not For Loan BBA PIET C-LIBRARY PIET C-LIBRARY 10/12/2020 Springer 2017(Mar Vol.44 No.1, Jun Vol.44 No.2, Sep Vol.44 No.3, Dec Vol.44 No.4)   BV385 10/12/2020 05/01/2017 BOUND VOLUME

Design & Developed by: PIET Central Library
R70 Miles Stone Pattikalyana Samalkha Panipat 132102
mail ID :- [email protected], Phone No:- 0180-2569700 Ex.216